LEADER 01201nam a2200265 i 4500 001 000000185674 003 CaOOAMICUS 005 20100211000000.0 008 100211s1978 it u000 u ita u 013 $a163708 040 $aSeMil$bita 100 1 $aPitrč, Giuseppe <1841-1916>.$0(OLS)http://semarc/name/44002 245 13$aLa famiglia, la casa, la vita del popolo siciliano /$cGiuseppe Pitrč ; prefazione di Bernardo Bernardi. 250 $aRist. anast. 260 $aPalermo :$bIl vespro,$c1978. 300 $aXVII, 478 p. :$bill. ;$c22 cm. 490 0 $aBiblioteca delle tradizioni popolari siciliane 500 $aRipr. facs. dell'ed.: Palermo, 1870-1913. - Volume unico. 650 4$aSicilia - Usi e costumi.$0(OLS)http://semarc/subject/35053 700 1 $aBernardi, Bernardo.$0(OLS)http://semarc/name/7950 830 0$aBiblioteca delle tradizioni popolari siciliane.$0(OLS)http://semarc/title/30672 850 $aSeMil 852 $aSeMil$W1$xVenegono$y1$m2X I 362$j136365$B136365$CSeMilBibl$Z2$F147896 $81 996 $6245$aLa famiglia, la casa, la vita del popolo siciliano$9(OLS)http://semarc/title/266885 996 $6260$aPalermo :$bIl vespro$9(OLS)http://semarc/publisher/35786 LEADER 01165nam a2200229 i 4500 001 000000060220 003 CaOOAMICUS 005 20140418000000.0 008 140418s1950 xx u000 u lat u 013 $a31392 040 $aSeMil$bita 100 1 $aGordillo, Mauricius .$0(OLS)http://semarc/name/13825 245 10$aCompendium Theologiae Orientalis :$bin Commodum Auditorum Facultatis Theologicae Concinnatum /$cdi Mauricius Gordillo S. I. Professor Theologiae Orientalis in Pontificio Istituto Orientalium Studiorum et in Pontificia Universitate Gregoriana. 250 $aEditio tertia. 260 $aRomae :$bPontificium Institutum Orientalium Studiorum,$c1950. 300 $aXIX, 318 p. ;$c23 cm. 500 $aContiene : Appendix. 650 4$aTeologia ortodossa.$0(OLS)http://semarc/subject/2276 850 $aSeMil 852 $aSeMil$W1$xVenegono$y1$m2K II 150$j26373$B26373$CSeMilBibl$Z2$F26376 $81 996 $6245$aCompendium Theologiae Orientalis :$bin Commodum Auditorum Facultatis Theologicae Concinnatum$9(OLS)http://semarc/title/94308 996 $6260$aRomae :$bPontificium Institutum Orientalium Studiorum$9(OLS)http://semarc/publisher/38403